[Event "Zlin Region-chT 2324"]
[Site "Czech Republic"]
[Date "2024.03.24"]
[Round "10.5"]
[White "Rucka, Petr"]
[Black "Pavlik, Frantisek"]
[Result "1/2-1/2"]
[WhiteElo "1913"]
[BlackElo "1639"]
[PlyCount "92"]
[EventDate "2023.10.22"]
[EventType "team-tourn"]
[EventRounds "11"]
[EventCountry "CZE"]
[SourceTitle "EXT 2025"]
[Source "ChessBase"]
[SourceDate "2024.10.14"]
[SourceVersion "1"]
[SourceVersionDate "2024.10.14"]
[SourceQuality "1"]
[WhiteTeam "Valasska Bystrice Sokol"]
[BlackTeam "Kromeriz Slavia III"]
[WhiteTeamCountry "CZE"]
[BlackTeamCountry "CZE"]

1. e4 d5 2. exd5 Qxd5 3. Nc3 Qd6 4. Nf3 Nf6 5. d4 a6 6. h3 g6 7. Be3 Bg7 8. Qd2 b5 9. a3 Bb7 10. Be2 0-0 11. 0-0 Nbd7 12. Rad1 Nb6 13. Bf4 Qc6 14. b3 Rfd8 15. Ne1 Qd7 16. Bf3 Bxf3 17. Nxf3 Nh5 18. Bh2 c5 19. dxc5 Qxd2 20. Rxd2 Rxd2 21. Nxd2 Nd7 22. c6 Bxc3 23. cxd7 Rd8 24. Ne4 Bd4 25. Rd1 Rxd7 26. c3 f5 27. Rxd4 Rxd4 28. cxd4 fxe4 29. Kf1 Kf7 30. Ke2 Ke6 31. Be5 Kd5 32. Ke3 Nf6 33. Bc7 Kc6 34. Be5 Kd5 35. Bc7 Nd7 36. Bd8 e5 37. dxe5 Nxe5 38. Bf6 Nd7 39. Bd4 Ne5 40. Bb6 Nd7 41. Bd4 Ne5 42. Bb6 Nc6 43. f3 exf3 44. gxf3 Ke5 45. h4 Kf5 46. Bc7 a5 1/2-1/2

[Event "Zlin Region-chT 2324"]
[Site "Czech Republic"]
[Date "2024.02.18"]
[Round "8.6"]
[White "Hobza, Richard"]
[Black "Pavlik, Frantisek"]
[Result "0-1"]
[WhiteElo "1744"]
[BlackElo "1639"]
[PlyCount "94"]
[EventDate "2023.10.22"]
[EventType "team-tourn"]
[EventRounds "11"]
[EventCountry "CZE"]
[SourceTitle "EXT 2025"]
[Source "ChessBase"]
[SourceDate "2024.10.14"]
[SourceVersion "1"]
[SourceVersionDate "2024.10.14"]
[SourceQuality "1"]
[WhiteTeam "Zlin Malenovice"]
[BlackTeam "Kromeriz Slavia III"]
[WhiteTeamCountry "CZE"]
[BlackTeamCountry "CZE"]

1. d4 Nf6 2. c4 g6 3. Nc3 Bg7 4. e4 d6 5. f3 0-0 6. Be3 Nbd7 7. Bd3 e5 8. d5 a5 9. Nge2 Nc5 10. Bc2 Nh5 11. g4 Nf4 12. Nxf4 exf4 13. Bxf4 Bxc3+ 14. bxc3 Qf6 15. Qd2 Bd7 16. 0-0 Ba4 17. Be3 Bxc2 18. Qxc2 Qh4 19. Kh1 Nd7 20. Rg1 Qe7 21. Rg3 f6 22. h4 Rae8 23. Rb1 b6 24. Bd4 Rf7 25. Qd2 Qf8 26. Re1 Ne5 27. Bxe5 fxe5 28. Kg2 Rf4 29. Qb2 Qf6 30. h5 g5 31. Qb5 Rf8 32. Re3 h6 33. Qc6 Qg7 34. Rd3 R4f6 35. c5 dxc5 36. d6 Qf7 37. Qxc7 Qxa2+ 38. Kf1 Qc2 39. Re3 Qd1+ 40. Kf2 Rxd6 41. Re2 Rd2 42. Rxd2 Qxd2+ 43. Kg1 Rd8 44. Kh1 Qe1+ 45. Kh2 Rd2+ 46. Rg2 Qh4+ 47. Kg1 Rd1# 0-1

[Event "Zlin Region-chT 2324"]
[Site "Czech Republic"]
[Date "2024.01.21"]
[Round "6.5"]
[White "Pavlik, Frantisek"]
[Black "Palica, Jiri"]
[Result "1/2-1/2"]
[WhiteElo "1639"]
[BlackElo "1873"]
[PlyCount "95"]
[EventDate "2023.10.22"]
[EventType "team-tourn"]
[EventRounds "11"]
[EventCountry "CZE"]
[SourceTitle "EXT 2025"]
[Source "ChessBase"]
[SourceDate "2024.10.14"]
[SourceVersion "1"]
[SourceVersionDate "2024.10.14"]
[SourceQuality "1"]
[WhiteTeam "Kromeriz Slavia III"]
[BlackTeam "Zlin II"]
[WhiteTeamCountry "CZE"]
[BlackTeamCountry "CZE"]

1. d4 g6 2. Nf3 Bg7 3. c4 c5 4. d5 b5 5. e4 bxc4 6. Bxc4 d6 7. 0-0 Nf6 8. Re1 0-0 9. Nc3 Bg4 10. h3 Bxf3 11. Qxf3 Nbd7 12. Bf4 Rb8 13. Rab1 Nh5 14. Bh2 Ne5 15. Qe2 Nxc4 16. Qxc4 Rb4 17. Qd3 Qb6 18. b3 c4 19. Qc2 cxb3 20. axb3 Rc8 21. e5 dxe5 22. Bxe5 Bxe5 23. Rxe5 Qc7 24. Re3 Nf6 25. Qd2 Qd6 26. f3 Rd8 27. Ne4 Nxe4 28. fxe4 Qb6 29. Kh1 e6 30. Qc3 exd5 31. exd5 Qd4 32. Qxd4 Rxd4 33. Ra1 Rd7 34. Re5 R4xd5 35. Rxd5 Rxd5 36. Rxa7 Rb5 37. Ra3 h5 38. g3 g5 39. Kg2 Kg7 40. Kf3 f5 41. Ke3 Kf6 42. Kd4 f4 43. gxf4 gxf4 44. Ke4 Kg5 45. Kf3 Kf5 46. Kf2 Kg5 47. Kf3 Kf5 48. Kf2 1/2-1/2

[Event "Zlin Region-chT 2324"]
[Site "Czech Republic"]
[Date "2023.10.22"]
[Round "1.6"]
[White "Pavlik, Frantisek"]
[Black "Krcmar, Milan"]
[Result "0-1"]
[WhiteElo "1639"]
[BlackElo "1927"]
[PlyCount "70"]
[EventDate "2023.10.22"]
[EventType "team-tourn"]
[EventRounds "11"]
[EventCountry "CZE"]
[SourceTitle "EXT 2025"]
[Source "ChessBase"]
[SourceDate "2024.10.14"]
[SourceVersion "1"]
[SourceVersionDate "2024.10.14"]
[SourceQuality "1"]
[WhiteTeam "Kromeriz Slavia III"]
[BlackTeam "Francova Lhota Sokol"]
[WhiteTeamCountry "CZE"]
[BlackTeamCountry "CZE"]

1. d4 Nf6 2. Nf3 b6 3. Bf4 Bb7 4. e3 d6 5. Nbd2 Nbd7 6. Bd3 g6 7. c3 Nh5 8. Bg5 Bg7 9. Bc4 h6 10. Bh4 Nhf6 11. Qb3 0-0 12. 0-0 Qe8 13. Rfe1 d5 14. Bd3 e5 15. e4 dxe4 16. Nxe4 Nd5 17. dxe5 Nf4 18. Nf6+ Bxf6 19. exf6 Qc8 20. Bc4 Nxg2 21. Re7 Nc5 22. Bxf7+ Kh8 23. Qc2 Nxh4 24. Ne5 Nf3+ 25. Nxf3 Qg4+ 26. Kf1 Rxf7 27. Ne5 Qg2+ 28. Ke1 Rxe7 29. fxe7 Kg7 30. Rd1 Re8 31. b4 Rxe7 32. bxc5 Rxe5+ 33. Kd2 Qxf2+ 34. Kc1 Qxc2+ 35. Kxc2 Rxc5 0-1